Land-Formen Diashow - Statistiken

Allgemein
  • Dieses Quiz wurde 3.924 mal gespielt
  • Das Durchschnittsergebnis liegt bei 7 aus 12
Antwortstatistiken
Antwort % Korrekt
Schweiz
82%
Mali
79%
Laos
77%
Saudi-Arabien
67%
Sudan
63%
Rumänien
61%
Afghanistan
55%
Oman
54%
Nordkorea
47%
Taiwan
39%
Nigeria
38%
Kuwait
29%
Keine übereinstimmenden Quizze gefunden
Verteilung der Resultate
Anzahl Personen mit jedem Resultat
Perzentil nach korrekt beantworteten Fragen
Ihre Resultats-Entwicklung
Sie haben dieses Quiz noch nicht gespielt